000 00506nam a2200205Ia 4500
001 12082
003 GE_BSU
008 181216s||||||||xx |||||||||||||| ||und||
020 _a9781422162576
040 _cGE_BSU
080 _a335.22
245 _aHarvard Business Reviev on Winning Negotations
260 _aBoston
260 _bHarvard Business Reviev Press
260 _c2011
300 _a250p.21cm.
541 _h48Gel.
653 _aHarvard Business Reviev on Winning Negotations
942 _cBK
999 _c45259
_d45259